00833nam a22002297a 450000500170000000800410001702000180005804000090007604100080008508200220009310000160011524500330013126000470016430000310021136500660024252001680030865000310047665000200050765000220052765000360054970000180058520220303152834.0220303b ||||| |||| 00| 0 eng d a9788182815049 cAloy aeng 223a658.001bJHIT aM L Jhingan aText On Managerial Economics aDelhibVrinda Publications Pvt. Ltd.c2016 aviii,204 p.bPBc24x16 cm. 2EconomicsaMLSH21CRB333b140.00c₹d175.00e20%f20-02-2022 aThe book deals with the concepts, principles and theories of managerial economics in a simple, coherent and critical manner. The book is divided into five units.  aFundamental Economic Tools aDemand Analysis aMarket Structures aProfit Management and Inflation aJHINGAN (M L)